Fatal violence among spouses in the United States, 1976-85

Saved in:  
Bibliographic Details
Authors: Mercy, James A. (Author) ; Saltzman, Linda E. (Author)
Format: Print Article
Language:English
Published: 1989
In: AJPH
Year: 1989, Volume: 79, Issue: 5, Pages: 595-599
Check availability: HBZ Gateway
Keywords:

MARC

LEADER 00000caa a22000002c 4500
001 1640160299
003 DE-627
005 20220608131258.0
007 tu
008 160223s1989 xx ||||| 00| ||eng c
035 |a (DE-627)1640160299 
035 |a (DE-576)456067663 
035 |a (DE-599)BSZ456067663 
040 |a DE-627  |b ger  |c DE-627  |e rakwb 
041 |a eng 
100 1 |a Mercy, James A.  |4 aut 
245 1 0 |a Fatal violence among spouses in the United States, 1976-85  |c James A. Mercy, Linda E. Saltzman 
264 1 |c 1989 
336 |a Text  |b txt  |2 rdacontent 
337 |a ohne Hilfsmittel zu benutzen  |b n  |2 rdamedia 
338 |a Band  |b nc  |2 rdacarrier 
700 1 |a Saltzman, Linda E.  |4 aut 
773 0 8 |i In  |t AJPH  |d Washington, DC : APHA, 1911  |g 79(1989), 5, Seite 595-599  |w (DE-627)129295396  |w (DE-600)121100-6  |w (DE-576)014488671  |x 0090-0036  |7 nnas 
773 1 8 |g volume:79  |g year:1989  |g number:5  |g pages:595-599 
935 |a mkri 
951 |a AR 
ELC |b 1 
LOK |0 000 xxxxxcx a22 zn 4500 
LOK |0 001 3301546005 
LOK |0 003 DE-627 
LOK |0 004 1640160299 
LOK |0 005 20160223101241 
LOK |0 008 160208||||||||||||||||ger||||||| 
LOK |0 040   |a DE-21-110  |c DE-627  |d DE-21-110 
LOK |0 689   |a s  |a Tötungsdelikte 
LOK |0 689   |a s  |a Ehepartner 
LOK |0 689   |a s  |a Gewalt in Ehe und Familie 
LOK |0 852   |z Kein Bestand am IfK; Nachweis für KrimDok 
LOK |0 852   |a DE-21-110 
LOK |0 852 1  |m v  |9 00 
LOK |0 935   |a k110 
LOK |0 938   |k v 
LOK |0 939   |a 08-02-16  |b l01 
ORI |a SA-MARC-krimdoka001.raw